The distinctive features of plastic deformation localization in polycrystalline aluminum by creep; AIP Conference Proceedings; Vol. 1623 : International Conference on Physical Mesomechanics of Multilevel Systems 2014, Tomsk, Russia, 3–5 September 2014
| Parent link: | AIP Conference Proceedings Vol. 1623 : International Conference on Physical Mesomechanics of Multilevel Systems 2014, Tomsk, Russia, 3–5 September 2014.— 2014.— [P. 447-450] |
|---|---|
| Corporate Authors: | , |
| Other Authors: | , , , , |
| Summary: | Title screen The research was performed for polycrystalline aluminum by steady-state creep. It is known that at the macro-scale level, deformation exhibits localized behavior. The localization patterns would propagate over the deforming sample by steady-state creep, forming thereby a kind of phase autowave. The rate of phase autowave increases with the growing extent of straining. It is demonstrated that the processes controlling the autowave rate have the same activation volume as the processes controlling the creep rate. Режим доступа: по договору с организацией-держателем ресурса |
| Language: | English |
| Published: |
2014
|
| Subjects: | |
| Online Access: | http://dx.doi.org/10.1063/1.4898978 http://earchive.tpu.ru/handle/11683/35735 |
| Format: | Electronic Book Chapter |
| KOHA link: | https://koha.lib.tpu.ru/cgi-bin/koha/opac-detail.pl?biblionumber=641882 |
MARC
| LEADER | 00000nla2a2200000 4500 | ||
|---|---|---|---|
| 001 | 641882 | ||
| 005 | 20231218104839.0 | ||
| 035 | |a (RuTPU)RU\TPU\network\6813 | ||
| 035 | |a RU\TPU\network\6812 | ||
| 090 | |a 641882 | ||
| 100 | |a 20150608a2014 k y0engy50 ba | ||
| 101 | 0 | |a eng | |
| 102 | |a US | ||
| 105 | |a y z 100zy | ||
| 135 | |a drcn ---uucaa | ||
| 181 | 0 | |a i | |
| 182 | 0 | |a b | |
| 200 | 1 | |a The distinctive features of plastic deformation localization in polycrystalline aluminum by creep |f D. V. Orlova [et al.] | |
| 203 | |a Text |c electronic | ||
| 300 | |a Title screen | ||
| 320 | |a [References: p. 450 (7 tit.)] | ||
| 330 | |a The research was performed for polycrystalline aluminum by steady-state creep. It is known that at the macro-scale level, deformation exhibits localized behavior. The localization patterns would propagate over the deforming sample by steady-state creep, forming thereby a kind of phase autowave. The rate of phase autowave increases with the growing extent of straining. It is demonstrated that the processes controlling the autowave rate have the same activation volume as the processes controlling the creep rate. | ||
| 333 | |a Режим доступа: по договору с организацией-держателем ресурса | ||
| 461 | 0 | |0 (RuTPU)RU\TPU\network\4816 |t AIP Conference Proceedings | |
| 463 | 0 | |0 (RuTPU)RU\TPU\network\4814 |t Vol. 1623 : International Conference on Physical Mesomechanics of Multilevel Systems 2014, Tomsk, Russia, 3–5 September 2014 |o [proceedings] |f National Research Tomsk Polytechnic University (TPU) |v [P. 447-450] |d 2014 | |
| 610 | 1 | |a электронный ресурс | |
| 610 | 1 | |a труды учёных ТПУ | |
| 610 | 1 | |a локализация | |
| 610 | 1 | |a пластические деформации | |
| 610 | 1 | |a поликристаллический алюминий | |
| 610 | 1 | |a ползучесть | |
| 701 | 1 | |a Orlova |b D. V. |c physicist |c Assistant of the Department of Tomsk Polytechnic University, Candidate of physical and mathematical sciences |f 1982- |g Dina Vladimirovna |3 (RuTPU)RU\TPU\pers\34791 | |
| 701 | 1 | |a Zarikovskaya |b N. V. | |
| 701 | 1 | |a Mirgorodsky |b S. K. |g Semen | |
| 701 | 1 | |a Danilov |b V. I. |c physicist |c Professor of Yurga technological Institute of Tomsk Polytechnic University, Doctor of physical and mathematical sciences |f 1947 |g Vladimir Ivanovich |3 (RuTPU)RU\TPU\pers\34726 |9 18076 | |
| 701 | 1 | |a Zuev |b L. B. |g Lev | |
| 712 | 0 | 2 | |a Национальный исследовательский Томский политехнический университет (ТПУ) |b Юргинский технологический институт (филиал) (ЮТИ) |b Кафедра сварочного производства (КСП) |3 (RuTPU)RU\TPU\col\18891 |
| 712 | 0 | 2 | |a Национальный исследовательский Томский политехнический университет (ТПУ) |b Физико-технический институт (ФТИ) |b Кафедра общей физики (ОФ) |3 (RuTPU)RU\TPU\col\18734 |
| 801 | 2 | |a RU |b 63413507 |c 20170109 |g RCR | |
| 856 | 4 | |u http://dx.doi.org/10.1063/1.4898978 | |
| 856 | 4 | |u http://earchive.tpu.ru/handle/11683/35735 | |
| 942 | |c CF | ||